| 000 | 00520nam a2200181Ia 4500 | ||
|---|---|---|---|
| 008 | 230524s9999 xx 000 0 und d | ||
| 020 | _a9788131701287 | ||
| 082 |
_a356.31 _bSIM |
||
| 100 | _aSandeep Singhal | ||
| 245 | 4 | _aThe Wireless Application Protocol : Writing Applications for The Mobile Internet | |
| 250 | _a1ST | ||
| 260 |
_aNEW DELHI _bPearson _c2005 |
||
| 300 | _aVII;663 | ||
| 500 | _aQuantity Number: 32 | ||
| 650 | _aElectronics | ||
| 700 | _a"Thomas Bridgman,Jari Alvinen etal.,,," | ||
| 942 | _cBK | ||
| 999 |
_c31540 _d31540 |
||